American City Nicknames - The Edition - Statistics

General Stats
  • This quiz has been taken 6 times
    4 since last reset
  • The average score is 19 of 24
Answer Stats
Nickname State Answer % Correct
Rubber City Ohio Akron
100%
Windy City Illinois Chicago
100%
Mile High City Colorado Denver
100%
Motor City Michigan Detroit
100%
Sun City Texas El Paso
100%
Space City Texas Houston
100%
Circle City Indiana Indianapolis
100%
Sin City Nevada Las Vegas
100%
Music City Tennessee Nashville
100%
Steel City Pennsylvania Pittsburgh
100%
Rose City Oregon Portland
100%
Alamo City Texas San Antonio
100%
Emerald City Washington Seattle
100%
Glass City Ohio Toledo
100%
Charm City Maryland Baltimore
75%
Derby City Kentucky Louisville
75%
Brick City New Jersey Newark
75%
Cigar City Florida Tampa
75%
Scenic City Tennessee Chattanooga
50%
Furniture City Michigan Grand Rapids
50%
Hub City Texas Lubbock
25%
Elm City Connecticut New Haven
25%
Electric City Pennsylvania Scranton
25%
Druid City Alabama Tuscaloosa
25%
No matching quizzes found
Score Distribution
Percent of People with Each Score
Percentile by Number Answered
Your Score History
You have not taken this quiz since the last reset